000 00642nam a2200193Ia 4500
003 0
005 20250129125149.0
008 150126s9999 xx 000 0 und d
050 _aPGS LB 1060.6
_b.H673 2014
100 _aHisola, Reth Marie T.
245 _aLearning style and academic performance /
_cReth Marie T. Hisola.
260 _aLas PiƱas City, Philippines :
_bSouthville International School and Colleges,
_c2014.
300 _a34 p. :
_bill. ;
_c28 cm.
504 _aIncludes bibliographical references.
650 _aAcademic Achievement.
650 _aLearning styles.
650 _aStudent performance.
942 _2lcc
_cPASS
999 _c278589
_d278589